|
|
|
|
| LEADER |
00000nam0a2200000 4500 |
| 001 |
196770 |
| 005 |
20231031183246.0 |
| 035 |
|
|
|a (RuTPU)RU\TPU\book\214649
|
| 090 |
|
|
|a 196770
|
| 100 |
|
|
|a 20110528d1934 m y0rusy50 ca
|
| 101 |
0 |
|
|a rus
|
| 102 |
|
|
|a RU
|
| 105 |
|
|
|a a j 000zy
|
| 200 |
1 |
|
|a Статика и динамика машин (общая теория машин)
|e учебное пособие
|f Л. Б. Левенсон
|
| 205 |
|
|
|a 3-е изд., перераб. и доп.
|
| 210 |
|
|
|a Москва
|c Госмашметиздат
|d 1934
|
| 215 |
|
|
|a 476 с.
|c ил.
|
| 610 |
1 |
|
|a машины
|
| 610 |
1 |
|
|a статика
|
| 610 |
1 |
|
|a динамика
|
| 610 |
1 |
|
|a учебные пособия
|
| 610 |
1 |
|
|a движение
|
| 610 |
1 |
|
|a трение
|
| 610 |
1 |
|
|a механизмы
|
| 610 |
1 |
|
|a регулирование
|
| 610 |
1 |
|
|a измерение
|
| 675 |
|
|
|a 621.01:531.3
|v 3
|
| 700 |
|
1 |
|a Левенсон
|b Л. Б.
|
| 801 |
|
1 |
|a RU
|b 63413507
|c 20110528
|
| 801 |
|
2 |
|a RU
|b 63413507
|c 20110614
|g RCR
|
| 942 |
|
|
|c BK
|